000 01261nam0a2200313 4500
001 RU\NLR\BIBL_A\011431924
005 20260405181325.0
010 _a9785990834316
_9100
021 _aRU
_b2017-44011
_93189
035 _a(RuMoRGB)008912590
035 _a(NLR Aleph) 011431924
090 _a11657061
_c11657061
100 _a20170704d2016 k y0rusy50 ca
101 0 _arus
102 _aRU
105 _aa|||zzzz0|1yy
200 1 _aЭволюция осадочного рудообразования
_fИ. Г. Печенкин, В. Г. Печенкин
210 _aМосква
_cВИМС
_d2016
215 _a87 с.
_cил., цв. ил., схем.
_d21
320 _aБиблиогр.: с. 85-87 (31 назв.)
606 1 _aРудообразование осадочное
_91530805
_3RU\NLR\AUTH\66967966
686 _aД344-01,0
_2rubbk
686 1 _aД451-022
700 1 _7ca
_8rus
_aПеченкин
_bИ. Г.
_f1951-
_gИгорь Гертрудович
_3RU\NLR\AUTH\7733003
_916011
701 1 _8rus
_7ca
_aПеченкин
_bВ. Г.
_cгеолог, путешественник
_gВладимир Гертрудович
_3RU\NLR\AUTH\7778203
_961131
942 _cBOOK
980 _aNBR